Tattoo my Body with...History Quiz Stats

 Plays Quiz Updated Feb 12, 2014

Challenge
Share
Tweet
Score 0/22 Timer 05:00
0 Plays Today
% Correct
Nelson Mandela
96.9%
Abraham Lincoln
96%
Martin Luther King, Jr.
95.6%
Albert Einstein
94.5%
George Washington
93.7%
Richard Nixon
90.5%
Tutankhamun
90%
Cleopatra VII
88.8%
William Shakespeare
88.7%
Benjamin Franklin
87.5%
Ronald Reagan
87%
% Correct
Stephen Hawking
83.8%
Joseph Stalin
83%
Mahatma Gandhi
81.6%
Malcolm X
81%
Theodore Roosevelt
78.6%
Al Capone
74.8%
Benito Mussolini
62.1%
Sitting Bull
59.2%
Vladimir Lenin
54.2%
Charles Darwin
47.4%
Sigmund Freud
43.7%

You're not logged in!

Compare scores with friends on all Sporcle quizzes.
OR
Log In

You Might Also Like...

Show Comments

Extras

Top Quizzes Today


Score Distribution

Your Account Isn't Verified!

In order to create a playlist on Sporcle, you need to verify the email address you used during registration. Go to your Sporcle Settings to finish the process.

Report this User

Report this user for behavior that violates our Community Guidelines.

Details: